Discurso leído en la Universidad de Zaragoza en la solemne apertura del curso académico de 1893 a 1894 / (Record no. 163460)

MARC details
000 -LEADER
campo de control de longitud fija 01144nam a2200277 i 4500
001 - NÚMERO DE CONTROL
campo de control 163460
003 - IDENTIFICADOR DE NÚMERO DE CONTROL
campo de control ES-MaACL
005 - FECHA Y HORA DE LA ÚLTIMA TRANSACCIÓN
campo de control 20240208163317.0
008 - DATOS DE LONGITUD FIJA--INFORMACIÓN GENERAL
campo de control de longitud fija 931025s1893 sp |||| | spa d
040 ## - FUENTE DE CATALOGACIÓN
Lengua de catalogación spa
Centro/agencia transcriptor PAB
100 1# - ENTRADA PRINCIPAL--NOMBRE DE PERSONA
Nombre de persona Ribera, Julián (
Fechas asociadas al nombre 1858-1934)
9 (RLIN) 96779
245 10 - MENCIÓN DEL TÍTULO
Título Discurso leído en la Universidad de Zaragoza en la solemne apertura del curso académico de 1893 a 1894 /
Mención de responsabilidad, etc. por Julián Ribera.
260 ## - PUBLICACIÓN, DISTRIBUCIÓN, ETC.
Lugar de publicación, distribución, etc. Zaragoza :
Nombre del editor, distribuidor, etc. [s.n.],
Fecha de publicación, distribución, etc. 1893 (
Fabricante Impr. de Calixto Ariño)
300 ## - DESCRIPCIÓN FÍSICA
Extensión 99, X p. ;
Dimensiones 27 cm.
500 ## - NOTA GENERAL
Nota general Palau 267071.
505 8# - NOTA DE CONTENIDO CON FORMATO
Nota de contenido con formato Incluye un texto en árabe
530 ## - NOTA DISPONIBLE DE FORMULARIO FÍSICO ADICIONAL
Nota de formato físico adicional disponible Disponible en formato digital.
594 #1 - Nota al título y mención de responsabilidad
Nota al título y mención de responsabilidad Tít. de cub.: La enseñanza entre los musulmanes españoles.
650 #4 - PUNTO DE ACCESO ADICIONAL DE MATERIA--TÉRMINO DE MATERIA
Término de materia o nombre geográfico como elemento de entrada Enseñanza-
Subdivisión geográfica España-
Subdivisión de forma Historia.
9 (RLIN) 12285
650 #4 - PUNTO DE ACCESO ADICIONAL DE MATERIA--TÉRMINO DE MATERIA
Término de materia o nombre geográfico como elemento de entrada Enseñanza-
Subdivisión geográfica Al-Andalus.
9 (RLIN) 160963
710 21 - ENTRADA AGREGADA--NOMBRE DE ENTIDAD CORPORATIVA
Nombre de entidad corporativa o nombre de jurisdicción como elemento de entrada Universidad de Zaragoza
9 (RLIN) 7352
852 ## - LOCALIZACIÓN
Ubicación ES-MaACL
Número de control de estantería G-9952
Nota libre -- Enc. tela
852 ## - LOCALIZACIÓN
Ubicación ES-MaACL
Número de control de estantería T-659-F-9
Nota libre -- Enc. hol. conservando la original
-- -- Enc. en un vol. facticio
856 ## - LOCALIZACIÓN Y ACCESO ELECTRÓNICOS
Identificador Uniforme de Recursos <a href="http://bdh-rd.bne.es/viewer.vm?id=0000057638&page=1 ">http://bdh-rd.bne.es/viewer.vm?id=0000057638&page=1 </a>
Nota pública Biblioteca Digital Hispánica
Holdings
Estatus retirado Estado de pérdida Estado de daño No para préstamo Colección Biblioteca de origen Biblioteca actual Ubicación en estantería Fecha de adquisición Total de préstamos Signatura topográfica completa Código de barras Visto por última vez Precio de reemplazo Tipo de ítem Koha Fuente de adquisición
        Colección de folletos Biblioteca del Ateneo de Madrid Biblioteca del Ateneo de Madrid Depósito folletos 17/01/2008   T-659-F-9 1171291 23/02/2023 23/02/2023 Folleto  
        Colección digital Biblioteca del Ateneo de Madrid Biblioteca del Ateneo de Madrid Sala Pecera Planta 3 17/01/2008   G-9952 1171290 23/02/2023 23/02/2023 Libro impreso antiguo